Accelerators in hard rubber (Record no. 53738)

MARC details
000 -LEADER
fixed length control field 00325nam a2200133Ia 4500
100 ## - MAIN ENTRY--AUTHOR NAME
Personal name Davies B L
245 #0 - TITLE STATEMENT
Title Accelerators in hard rubber
260 ## - PUBLICATION, DISTRIBUTION, ETC. (IMPRINT)
Name of publisher IRI Transactions
Year of publication 1934
300 ## - PHYSICAL DESCRIPTION
Number of Pages 176-188
650 ## - SUBJECT ADDED ENTRY--TOPICAL TERM
Topical Term Hard rubber
650 ## - SUBJECT ADDED ENTRY--TOPICAL TERM
Topical Term Rubber accelerators
942 ## - ADDED ENTRY ELEMENTS (KOHA)
Koha item type Journals
Holdings
Withdrawn status Lost status Damaged status Not for loan Home library Current library Shelving location Date acquired Serial Enumeration / chronology Koha item type
      Journals RRII Library RRII Library Rubber chemistry 17/12/2021 Volume 10, Issue 2 Journals